000
00314nam a2200133Ia 4500
008
190216s9999||||xx |||||||||||||| ||und||
100
_a
Paulo Coelho
245
0
_a
Manuscript Found In Accra
250
_a
1ST EDI
260
_b
Harper Collins Publishers
_c
2013
300
_a
194
650
_a
English
942
_c
BK
999
_c
14689
_d
14689